| 000 | 00455nam a2200181Ia 4500 | ||
|---|---|---|---|
| 001 | 58166 | ||
| 008 | 140507s9999 xx 000 0 und d | ||
| 020 | _a9781118357064 | ||
| 040 | _cPK-LaUMT | ||
| 082 |
_a 515 _bBRI-R |
||
| 100 | _aBridger, Mark | ||
| 245 |
_aReal analysis _ba constructive approach _cBridger, Mark |
||
| 260 |
_aHoboken,USA: _bJohn Wiley & Sons Inc., _c2012 |
||
| 300 | _a302 p. | ||
| 546 | _aEN | ||
| 650 | _aAnalysis | ||
| 942 | _cBK | ||
| 999 |
_c55432 _d55432 |
||